000
00225 a2200097 4500
001
47905
100
_a
Thayer W
245
_a
The United States of India & Pakistan
260
_a
Cumberlege
_b
Oxford
_c
090
_c
30900
_d
30900
942
_a
NUST-CAE
_c
M
_c
23226
999
_c
282978
_d
282978